[Event "TCh-CZE Extraliga 2012-13"]
[Site "Czech Republic CZE"]
[Date "2013.04.28"]
[Round "11.7"]
[White "Zwardon,V"]
[Black "Malik,J"]
[Result "1/2-1/2"]
[WhiteElo "2408"]
[BlackElo "2257"]

1.e4 c6 2.d4 g6 3.Nc3 Bg7 4.Be3 Qa5 5.Qd2 d5 6.exd5 cxd5 7.Bb5+ Kf8 8.Nf3 Nf6
9.O-O Ne4 10.Nxe4 Qxb5 11.c4 Qd7 12.Nc5 Qd8 13.cxd5 Qxd5 14.Rfc1 Nc6 15.Nd3 Bg4
16.Rc5 Qd7 17.Nfe5 Nxe5 18.Nxe5 Bxe5 19.Rxe5 f6 20.Bh6+ Kf7 21.Re3 Be6 22.Rae1 Bd5
23.Rxe7+ Qxe7 24.Rxe7+ Kxe7 25.Qa5 Rhd8 26.h4 Rd7 27.Bf4 Kf7  1/2-1/2

[Event "46th ch-JPN"]
[Site "Tokyo JPN"]
[Date "2013.05.01"]
[Round "2.2"]
[White "Nanjo,R"]
[Black "Noguchi,K"]
[Result "0-1"]
[WhiteElo "2327"]
[BlackElo "2062"]

1.e4 g6 2.d4 Bg7 3.Nc3 c6 4.f4 d5 5.e5 Nh6 6.Nf3 f6 7.Be3 Bg4 8.h3 Bxf3 9.Qxf3 O-O
10.Qe2 Nf5 11.Bf2 fxe5 12.fxe5 Bh6 13.g4 Qb6 14.gxf5 Qxb2 15.Nd1 Qxa1 16.fxg6 Qc1
17.h4 Na6 18.a3 Rf3 19.Bg2 Rc3 20.O-O Rxc2 21.Qg4 Rf8 22.Ne3 Rcxf2 23.Rxc1 Bxe3
24.Qe6+ Kh8 25.Kh1 Bxc1 26.h5 Bg5 27.gxh7 R2f7 28.Bh3 Nc7 29.Qd7 e6 30.Qd6 Nb5
31.Qxe6 Nxd4 32.Qg4 Nf3 33.e6 Rg7 34.Bg2 Rf4 35.e7 Rxe7 36.Qc8+ Kxh7 37.Bxf3 Rxf3
38.Qg4 Ree3 39.Qxg5 Rh3+ 40.Kg2 Reg3+  0-1

[Event "Mukachevo Rating 18 2013"]
[Site "Mukachevo UKR"]
[Date "2013.05.02"]
[Round "2.4"]
[White "Nayhebaver,Martin"]
[Black "Shagbazyan,Tar"]
[Result "0-1"]
[WhiteElo "2218"]
[BlackElo "2372"]

1.e4 c6 2.Nc3 g6 3.d4 Bg7 4.Nf3 d5 5.h3 Nf6 6.e5 Nfd7 7.Bd3 e6 8.Ne2 c5 9.c3 Nc6
10.h4 f6 11.exf6 Qxf6 12.h5 a6 13.Bg5 Qf7 14.Nf4 gxh5 15.Qe2 e5 16.dxe5 Ndxe5
17.Nxe5 Nxe5 18.Nxh5 Bg4 19.Nxg7+ Qxg7 20.Qe3 d4 21.cxd4 cxd4 22.Qe4 Qxg5
23.Bc2 Bd7 24.f4 Qg3+ 25.Kf1 O-O-O 26.Qxe5 Rhe8 27.Qg5 Qe3 28.Bf5 Kb8 29.Bxd7 Rxd7
30.Rh3 Qe2+ 31.Kg1 d3 32.Qf5 Ree7 33.Rh1 Rd6 34.Qc5 Rg6 35.Qf2 d2 36.Qxe2 Rxe2
37.Kh2 Rh6+  0-1

[Event "Old Capital Open 2013"]
[Site "Veliko Tarnovo BUL"]
[Date "2013.05.03"]
[Round "5.15"]
[White "Nikolovski,Nikola"]
[Black "Romcovici,V"]
[Result "1-0"]
[WhiteElo "1978"]
[BlackElo "2152"]

1.e4 g6 2.d4 Bg7 3.Nc3 c6 4.Nf3 d5 5.h3 Nh6 6.Bd3 O-O 7.O-O dxe4 8.Nxe4 Nf5
9.c3 Qc7 10.Qe2 Nd7 11.Re1 Nb6 12.Nc5 Re8 13.Bxf5 Bxf5 14.g4 Bc8 15.Qe4 Nd5
16.Ne5 b6 17.Ncd3 Bb7 18.c4 Nf6 19.Qf4 Qc8 20.g5 Qxh3 21.gxf6 exf6 22.Qg4 Qxg4+
23.Nxg4 h5 24.Nh2 Ba6 25.b3 Rxe1+ 26.Nxe1 f5 27.Nc2 c5 28.Be3 f4 29.Bxf4 cxd4
30.Rd1 Rd8 31.Be3 Bb7 32.Nxd4 g5 33.Rd2 g4 34.a3 a5 35.Nf1 Be5 36.Nf5 Rxd2
37.Nxd2 a4 38.bxa4 Bc3 39.Ne7+ Kf8 40.Nd5 Ba5 41.Nb3 Bxd5 42.cxd5 Ke7 43.Nxa5 bxa5
44.Bb6 Kd6 45.Bxa5 h4 46.Bd2 g3 47.Bf4+ Kxd5 48.Bxg3  1-0

[Event "8th Angers Open"]
[Site "Angers FRA"]
[Date "2013.05.04"]
[Round "3.6"]
[White "Rabouan,J"]
[Black "Grandi,P"]
[Result "1-0"]
[WhiteElo "1896"]
[BlackElo "1776"]

1.e4 g6 2.d4 Bg7 3.Nc3 c6 4.Nf3 d5 5.h3 dxe4 6.Nxe4 Nf6 7.Bd3 Nbd7 8.O-O O-O
9.Re1 Re8 10.c4 Nb6 11.Nc3 Be6 12.Qe2 Qc8 13.Bf4 Bf5 14.Rad1 Bxd3 15.Qxd3 Nh5
16.Bg5 e6 17.g4 Nf6 18.Ne5 Nbd7 19.Qf3 h6 20.Bxf6 Nxf6 21.Ne4 Qd8 22.g5 hxg5
23.Nxg5 Re7 24.Kh1 Qe8 25.Rd3 Rd8 26.Rg1 Nh5 27.Ne4 Kh7 28.Rg5 Bxe5 29.Rxh5+ gxh5
30.Qxh5+ Kg7 31.Qxe5+ Kg6 32.Rg3+  1-0

[Event "Catalan Championship 2013"]
[Site "Barcelona ESP"]
[Date "2013.05.04"]
[Round "1.1"]
[White "Lorenzo de la Riva,L"]
[Black "Moskalenko,V1"]
[Result "1/2-1/2"]
[WhiteElo "2423"]
[BlackElo "2539"]

1.e4 g6 2.d4 Bg7 3.Nc3 c6 4.Nf3 d6 5.h3 Nf6 6.Bd3 O-O 7.O-O Nbd7 8.Be3 e5
9.Re1 Qc7 10.a4 exd4 11.Bxd4 Re8 12.Bf1 b6 13.Nh2 Bb7 14.Ng4 Nxg4 15.hxg4 Be5
16.Bxe5 dxe5 17.Bc4 Nf8 18.Qe2 Bc8 19.Nd1 Be6 20.Ne3 Rad8 21.c3 a5 22.g3 Bxc4
23.Nxc4 Ne6 24.Kg2 Nc5 25.Rh1 f6 26.Rhb1 Nb7 27.b4 Nd6 28.bxa5 bxa5 29.Nxd6 Rxd6
30.Qa6 Qc8 31.Qc4+ Kg7 32.Rd1 Red8 33.Rxd6 Rxd6 34.Qc5 Qd7 35.Rb1 h5 36.g5 Rd2
37.gxf6+ Kxf6 38.Rb6 Rd6 39.Rb7 Qe6 40.Kh2 Rd7 41.Qf8+ Kg5 42.Rb2 Rf7 43.Qd8+ Qf6
44.Qd2+ Kg4 45.Qd1+ Qf3 46.Qd6 Qxe4 47.Qe6+ Qf5 48.Qxc6 h4 49.Qg2 Kh5 50.Re2 g5  1/2-1/2

[Event "Victory Day Open 2013"]
[Site "Moscow RUS"]
[Date "2013.05.05"]
[Round "2.1"]
[White "Tchernyi,V"]
[Black "Dvalishvili,P"]
[Result "0-1"]
[WhiteElo "2223"]
[BlackElo "2429"]

1.d4 g6 2.e4 Bg7 3.Nc3 c6 4.Nf3 d5 5.h3 Nf6 6.e5 Nfd7 7.Bf4 Nf8 8.Qd2 h6
9.O-O-O Ne6 10.Be3 b6 11.h4 Ba6 12.Ne2 Nd7 13.Nf4 Nxf4 14.Bxa6 Nxg2 15.e6 fxe6
16.Qd3 O-O 17.Qxg6 Nxe3 18.Qxe6+ Kh8 19.Qxe3 Qc7 20.Ng5 Qd6 21.Ne6 Rf7 22.Rhg1 Nf8
23.Nxg7 Rxg7 24.Rxg7 Kxg7 25.Rg1+ Kf7 26.Qf3+ Qf6 27.Qh5+ Ke6 28.Bb7 Rd8
29.Bxc6 Kd6 30.Bxd5 Kc7 31.Re1 e6 32.Be4 Qxf2 33.Qe5+ Rd6 34.Bd3 Nd7 35.Qe3 Qxe3+
36.Rxe3 Rxd4 37.h5 Kd6 38.Bg6 Ne5 39.Ra3 a5 40.Rb3 Kc5 41.Re3 Kd5 42.Rg3 Rf4
43.b3 b5 44.a3 b4 45.axb4 axb4 46.Be8 Kd4 47.Bb5 Rf3 48.Rg8 Rf5 49.Be2 Ke3
50.Bd1 Nf3 51.Rg6 Nd4 52.Kb2 Rf1 53.Rg3+ Ke4 54.Rd3 Rf2 55.Kc1 Nb5 56.Rd2 Rf1
57.Re2+ Kf5 58.Re3 Nc3 59.Rf3+ Rxf3 60.Bxf3 Kf4 61.Bc6 Ke3 62.Bb7 e5 63.Bc6 e4
64.Bb7 Ke2  0-1

[Event "Oceania zt w 2013"]
[Site "Nadi FIJ"]
[Date "2013.05.05"]
[Round "2.1"]
[White "Narenthran,Savithri"]
[Black "Berezina,I"]
[Result "0-1"]
[WhiteElo "1765"]
[BlackElo "2191"]

1.e4 c6 2.d4 g6 3.Nc3 Bg7 4.f4 d5 5.e5 Nh6 6.Nf3 f6 7.Bd3 Bg4 8.Ne2 Bxf3
9.gxf3 e6 10.Be3 Nf5 11.Bf2 Nd7 12.c4 Bh6 13.Qb3 Qa5+ 14.Kf1 Qb6 15.h4 O-O-O
16.cxd5 cxd5 17.h5 Kb8 18.hxg6 hxg6 19.Bxf5 Qxb3 20.axb3 gxf5 21.Re1 fxe5
22.dxe5 b6 23.Rg1 Rhg8 24.Bg3 Nc5 25.Nd4 a5 26.Rd1 Kb7 27.Ke2 Rg6 28.Ke3 Rdg8
29.Bf2 Rg2 30.Rxg2 Rxg2 31.Rd2 Kc7 32.Be1 Rg6 33.Rc2 Kd7 34.b4 axb4 35.Bxb4 Bxf4+
36.Kxf4 Nd3+ 37.Ke3 Nxb4 38.Rh2 Rg7 39.Rh6 Re7 40.f4 Nc6 41.Rh8 Nxd4 42.Kxd4 Rg7
43.Rb8 Kc7 44.Re8 Rg6 45.b4 Kc6 46.Rd8 Kb5 47.Rd6 Rh6 48.Rxe6 Rxe6 49.Kxd5 Re8
50.Kd6 Kxb4 51.e6 Kc4 52.Kd7 Rh8 53.e7 b5 54.Ke6 b4 55.Kxf5 b3 56.Ke6 b2
57.f5 b1=Q 58.f6 Qe4+ 59.Kf7 Qd5+ 60.Kg6 Qg8+ 61.Kf5 Qf7  0-1

[Event "Oceania zt w 2013"]
[Site "Nadi FIJ"]
[Date "2013.05.07"]
[Round "6.1"]
[White "Anton,S"]
[Black "Berezina,I"]
[Result "0-1"]
[WhiteElo "1751"]
[BlackElo "2191"]

1.e4 c6 2.d4 g6 3.Nc3 Bg7 4.Be3 d5 5.e5 f6 6.f4 Nh6 7.h3 O-O 8.Nf3 fxe5 9.dxe5 Nf5
10.Bf2 e6 11.g4 Nh6 12.Qd2 b5 13.Bd3 a5 14.a4 b4 15.Ne2 Qe7 16.Nh4 Nd7 17.Bxg6 Nxe5
18.Bxh7+ Kxh7 19.Qe3 Nc4 20.Qd3+ Nf5 21.gxf5 exf5 22.Rg1 Nxb2 23.Qf3 Ba6
24.Qh5+ Kg8 25.Rxg7+ Qxg7 26.Nxf5 Rxf5 27.Qxf5 Re8  0-1

[Event "26th Metropolitan GM"]
[Site "Los Angeles USA"]
[Date "2013.05.09"]
[Round "3"]
[White "Amanov,Z"]
[Black "Sevillano,E"]
[Result "1/2-1/2"]
[WhiteElo "2375"]
[BlackElo "2500"]

1.e4 g6 2.d4 Bg7 3.Nc3 c6 4.Nf3 d6 5.a4 Nf6 6.Be2 O-O 7.O-O Nbd7 8.Be3 e5
9.dxe5 dxe5 10.Nd2 Qe7 11.Nc4 Ne8 12.a5 Nc5 13.Nd6 Nxd6 14.Bxc5 Rd8 15.Qd3 Be6
16.Qe3 a6 17.Rfd1 Bf8 18.f3 Qf6 19.Na4 Nb5 20.Bb6 Rxd1+ 21.Rxd1 Re8 22.c4 Nd6
23.b3 Nc8 24.Bc5 Rd8 25.Bxf8 Rxd1+ 26.Bxd1 Kxf8 27.Qc5+ Ke8 28.Be2 Qf4 29.g3 Qd2
30.Kf2 f6 31.Qe3 Qxe3+ 32.Kxe3 Nd6 33.Nc5 Bc8 34.f4 Ke7 35.Bf3 Nf7 36.Nd3 Kd6
37.b4 Ke7 38.Be2 Kd6 39.c5+ Ke7 40.Nb2 Be6 41.Bc4 g5 42.Bxe6 Kxe6 43.f5+ Ke7
44.Nc4  1/2-1/2

[Event "HC Andersen Open 2013"]
[Site "Odense DEN"]
[Date "2013.05.11"]
[Round "6.2"]
[White "Ochsner,B"]
[Black "Epishin,V"]
[Result "1/2-1/2"]
[WhiteElo "2347"]
[BlackElo "2603"]

1.e4 g6 2.d4 Bg7 3.Nc3 c6 4.Nf3 d5 5.h3 Nh6 6.Bd3 O-O 7.O-O f6 8.Bf4 Nf7
9.e5 fxe5 10.dxe5 e6 11.Re1 c5 12.h4 Nc6 13.Qd2 a6 14.Na4 b6 15.c4 Ne7 16.cxd5 Nxd5
17.Be4 Bb7 18.Bg3 Qc7 19.h5 Rad8 20.hxg6 hxg6 21.Qe2 Nh6 22.Nh4 Nf4 23.Qc2  1/2-1/2

[Event "VIII American Continental 2013"]
[Site "Cochabamba BOL"]
[Date "2013.05.14"]
[Round "10.27"]
[White "Saavedra,Carlos"]
[Black "Cruz Pereyra,Andresantoni"]
[Result "1/2-1/2"]
[WhiteElo "2179"]
[BlackElo "1947"]

1.e4 g6 2.d4 Bg7 3.Nc3 c6 4.f4 Qb6 5.Nf3 d5 6.e5 Bg4 7.Be2 Bxf3 8.Bxf3 h5
9.O-O e6 10.Rb1 Nh6 11.Be3 Nd7 12.Bf2 Nf5 13.g3 Qd8 14.Be2 Qe7 15.Bd3 Nb6
16.Qe2 Bh6 17.b3 Qb4  1/2-1/2

[Event "Gligoric Cup 2013"]
[Site "Banja Koviljaca SRB"]
[Date "2013.05.22"]
[Round "3.5"]
[White "Djuric,S"]
[Black "Petakov,U"]
[Result "1-0"]
[WhiteElo "2459"]
[BlackElo "2347"]

1.e4 c6 2.d4 g6 3.Nc3 Bg7 4.Nf3 d6 5.Bc4 Nf6 6.e5 dxe5 7.Nxe5 O-O 8.O-O Nd5
9.Re1 Be6 10.Ne4 Nc7 11.Bb3 Bxb3 12.axb3 Ne6 13.c3 Qd5 14.Nd3 Na6 15.b4 Nac7
16.Ra5 Qd8 17.Qf3 b6 18.Ra1 Qd5 19.Nd2 Qxf3 20.Nxf3 Rfd8 21.Nde5 Bxe5 22.Nxe5 Rd6
23.Be3 f6 24.Nc4 Rdd8 25.f3 Kf7 26.Bf2 Nb5 27.Bg3 Rac8 28.Re2 Rd7 29.h4 h5
30.Rae1 Ng7 31.Bf2 Rcd8 32.Ne3 Nc7 33.Ra1 Nb5 34.Ra6 Ne6 35.Bg3 Nec7 36.Ra1 Nd5
37.Nc2 Nd6 38.Ree1 Nf5 39.Kh2 Nxg3 40.Kxg3 e6 41.Ra2 Rc7 42.Na3 Ne7 43.Nc4 Nf5+
44.Kh3 Nd6 45.Ne3 Nf5 46.Nxf5 gxf5 47.Kg3 Rd5 48.Rea1 Rdd7 49.Kf4 Ke7 50.b3 Kd8
51.Re1 b5  1-0

[Event "Hungarian National Open 2013"]
[Site "Zalakaros HUN"]
[Date "2013.05.22"]
[Round "1"]
[White "Bokros,A"]
[Black "Csala,Im"]
[Result "1-0"]
[WhiteElo "2459"]
[BlackElo "2180"]

1.e4 g6 2.d4 Bg7 3.Nc3 c6 4.Be3 d5 5.h3 dxe4 6.Nxe4 Nd7 7.Nf3 Ndf6 8.Ng3 Nd5
9.Bd2 Qc7 10.c4 Nb6 11.Be2 Nh6 12.Qc1 Nf5 13.Bf4 Qd8 14.Nxf5 Bxf5 15.Qe3 O-O
16.O-O f6 17.Rfe1 g5 18.Bh2 Qd7 19.Rad1 e6 20.Nd2 Rfe8 21.h4 Rad8 22.g4 Bc2
23.Rc1 Bg6 24.h5 Bf7 25.Nb3 Na4 26.Rc2 Kh8 27.f4 Bh6 28.Rf1 Qe7 29.fxg5 Bxg5
30.Qf2 Rf8 31.Nd2 e5 32.Ne4 exd4 33.Nxg5 fxg5 34.Qf5 Rde8 35.Qd3 c5 36.Bf3 Qe3+
37.Qxe3 Rxe3 38.Bxb7 d3 39.Rd2 Kg8 40.Bc6 Nb6 41.b3 Rd8 42.Bf3 Bxc4 43.bxc4 Nxc4
44.Rdf2 d2 45.Bd5+ Kh8 46.Bxc4 d1=Q 47.Rxd1 Rxd1+ 48.Kg2 Rd4 49.h6  1-0

[Event "22nd TCh-CRO Cup 2013"]
[Site "Bol na Bracu CRO"]
[Date "2013.05.25"]
[Round "5.51"]
[White "Fercec,N"]
[Black "Kadric,D"]
[Result "1/2-1/2"]
[WhiteElo "2502"]
[BlackElo "2465"]

1.e4 g6 2.d4 Bg7 3.Nc3 c6 4.f4 d5 5.e5 Nh6 6.Be2 f6 7.Be3 Qb6 8.Na4 Qa5+
9.c3 Nd7 10.b4 Qc7 11.Nf3 O-O 12.O-O b5 13.Nb2 a5 14.a4 axb4 15.cxb4 bxa4  1/2-1/2

[Event "Hungarian National Open 2013"]
[Site "Zalakaros HUN"]
[Date "2013.05.25"]
[Round "4"]
[White "Meszaros,T"]
[Black "Radnai,A"]
[Result "1/2-1/2"]
[WhiteElo "2415"]
[BlackElo "2263"]

1.e4 c6 2.d4 g6 3.Nc3 Bg7 4.f4 d5 5.e5 h5 6.Nf3 Bg4 7.Be2 Nh6 8.Be3 Nf5 9.Bf2 e6
10.Qd2 Nd7 11.g3 Bf8 12.O-O-O Qa5 13.a3 Bxa3 14.bxa3 Qxa3+ 15.Kb1 a5 16.Qc1 Qxc3
17.Rd3 Qc4 18.Re3 Nxe3 19.Bxc4 Bxf3 20.Qxe3 Bxh1 21.Bd3 Bg2 22.f5 gxf5 23.Qg5 Nf8
24.Qg7 Rh7 25.Qg8 Rh6 26.Qg5 Rg6 27.Qxh5 Be4 28.Bxe4 dxe4 29.Be3 b5 30.c3 Kd7
31.Bc1 b4 32.cxb4 axb4 33.Qe2 Kc7 34.Bd2 Rb8 35.Qa6 Nd7 36.Qa5+ Kb7 37.Kc2 Nb6
38.Qxb4 Rd8 39.Qc5 Rd5 40.Qf8 Rd7 41.Ba5 Nd5 42.Bd8 Nc7  1/2-1/2

[Event "TCh-POL Ekstraliga 2013"]
[Site "Wroclaw POL"]
[Date "2013.05.26"]
[Round "3"]
[White "Szelag,M"]
[Black "Bartel,Mat"]
[Result "0-1"]
[WhiteElo "2501"]
[BlackElo "2619"]

1.e4 g6 2.d4 Bg7 3.Nc3 c6 4.f4 d5 5.e5 Qb6 6.Na4 Qc7 7.Be3 Nh6 8.Nf3 Nd7
9.Qd2 b5 10.Nc3 f6 11.Bd3 Nb6 12.b3 O-O 13.h3 Bf5 14.O-O a5 15.Bxf5 Nxf5
16.Bf2 fxe5 17.fxe5 Bh6 18.Qd3 Ng7 19.Nh2 Ne6 20.Ng4 Bg7 21.Be3 Rxf1+ 22.Rxf1 Rf8
23.Rxf8+ Bxf8 24.Ne2 Qd7 25.Bd2 a4 26.h4 axb3 27.axb3 Nf4 28.Nxf4 Qxg4 29.Qc3 Bh6
30.Qxc6 Qd1+ 31.Kh2 Qxd2 32.Qe8+ Bf8 33.Ne6 Qf2 34.Qc6 Qxh4+ 35.Kg1 Qg4 36.Qxb6 Bh6
37.Kf2 Qf5+ 38.Kg3 Be3 39.Qd8+ Kf7 40.Qf8+ Kxe6 41.Qg8+ Kd7 42.Qxd5+ Ke8
43.Qxb5+ Kf8 44.Qd3 Bf2+ 45.Kh2 Qxd3 46.cxd3 Bxd4  0-1

[Event "Mitropa Aronian vs Prinzen Simul"]
[Site "Meissen GER"]
[Date "2013.05.31"]
[Round "1"]
[White "Klek,H"]
[Black "Aronian,L"]
[Result "1/2-1/2"]
[WhiteElo "2267"]
[BlackElo "2813"]

1.e4 c6 2.Nc3 g6 3.d4 Bg7 4.Bc4 d6 5.Qf3 e6 6.Nge2 Nf6 7.Bb3 O-O 8.O-O Nbd7
9.Bg5 a6 10.a4 Qa5 11.Be3 d5 12.Ng3 h5 13.h3 Nh7 14.Rfd1 Qd8 15.a5 Ng5 16.Qf4 Bh6
17.Kh1 f6 18.Nf1 Kh7 19.Qh4 f5 20.exf5 exf5 21.Ne2 Qf6 22.c3 Re8 23.Re1 Re4
24.f4 Nf7 25.Qxf6 Nxf6 26.Bc2 Re6 27.Ng1 Ne4 28.Nf3 Bd7 29.N1d2 Rg8 30.Bxe4 dxe4
31.Ng1 Re7 32.Ne2 Be6 33.b3 Rd8 34.c4 Bg7 35.Rad1 Nd6 36.Kg1 Red7 37.Kf2 Bf6
38.Rf1 Bh4+ 39.Kg1 Bf6 40.Kf2 Bh4+ 41.Kg1 Bf6  1/2-1/2

[Event "Mitropa Aronian vs Prinzen Simul"]
[Site "Meissen GER"]
[Date "2013.05.31"]
[Round "1"]
[White "Osmanodja,F"]
[Black "Aronian,L"]
[Result "0-1"]
[WhiteElo "2255"]
[BlackElo "2813"]

1.e4 c6 2.d4 g6 3.Nc3 Bg7 4.f4 d5 5.e5 Nh6 6.Be3 Qb6 7.Rb1 Ng4 8.Qd2 f6 9.Nf3 Nxe3
10.Qxe3 O-O 11.Bd3 Bg4 12.O-O Bxf3 13.Rxf3 fxe5 14.fxe5 Rxf3 15.gxf3 Nd7
16.f4 Rf8 17.Kh1 e6 18.b4 Qd8 19.Qg3 Rf7 20.Ne2 a5 21.Qg4 Nf8 22.b5 Bh6 23.Rf1 Qe7
24.Qh3 Bg7 25.bxc6 bxc6 26.Rb1 c5 27.dxc5 Qxc5 28.Rb5 Qc7 29.Qg3 Bh6 30.Qh4 Kg7
31.a4 Qa7 32.Qg3 Rb7 33.Qg1 Qxg1+ 34.Kxg1 Rxb5 35.Bxb5 g5 36.f5 g4 37.Kf2 exf5
38.Nd4 Bf4 39.Nxf5+ Kf7 40.Ne3 h5 41.Bc6 Bxe5 42.Bxd5+ Kf6 43.c4 Nd7 44.Kg2 Bd4
45.Bc6 Ne5 46.Nd5+ Kg5 47.Bb5 Nd3 48.Nc7 Be5 49.Ne6+ Kf6 50.Nf8 h4 51.Nd7+ Ke6
52.c5 Nf4+ 53.Kh1 Bd4 54.c6 Kd6 55.Nb8 g3 56.hxg3 hxg3 57.Bf1 Kc7 58.Nd7 Kxc6
59.Nf8 Bc5 60.Nh7 Be7  0-1

[Event "Grand Europe Open Albena"]
[Site "Albena BUL"]
[Date "2013.06.04"]
[Round "4.3"]
[White "Vishnu,P"]
[Black "Chatalbashev,B"]
[Result "1-0"]
[WhiteElo "2494"]
[BlackElo "2560"]

1.e4 g6 2.d4 Bg7 3.Nc3 c6 4.f4 d5 5.e5 Nh6 6.Nf3 f6 7.h3 Nf5 8.Bd3 Ng3 9.Rg1 fxe5
10.dxe5 Qb6 11.Qd2 O-O 12.Qf2 Nh5 13.Ne2 Qxf2+ 14.Kxf2 Bh6 15.g3 c5 16.c3 Nc6
17.Be3 c4 18.Bc2 Bxh3 19.g4 Nxf4 20.Nxf4 Bxf4 21.Bxf4 Rxf4 22.Kg3 Raf8 23.Nh2 Rf2
24.Ba4 Nxe5 25.Rae1 Nd3 26.Rxe7 Rxb2 27.Bd7 Nf4 28.Be6+ Kh8 29.Nf3 Ne2+ 30.Kh4 Rxf3
31.Kg5 Rf7 32.Rxf7 Kg8 33.Rc7+ Kf8 34.Kf6  1-0

[Event "Zonal 3.4 2013"]
[Site "Osh KGZ"]
[Date "2013.06.11"]
[Round "5"]
[White "Atabayev,M"]
[Black "Vakhidov,J"]
[Result "1-0"]
[WhiteElo "2464"]
[BlackElo "2398"]

1.e4 g6 2.d4 Bg7 3.Nc3 c6 4.Nf3 d6 5.h3 Qc7 6.a4 Nd7 7.Be2 e5 8.O-O Ngf6
9.Be3 O-O 10.dxe5 Nxe5 11.Qd2 Be6 12.Nd4 Nc4 13.Bxc4 Bxc4 14.Rfe1 Rfe8 15.Bh6 Be6
16.Bxg7 Kxg7 17.f4 Rad8 18.Kh1 Bc8 19.Rad1 a6 20.Qf2 b6 21.Nf3 d5 22.exd5 Rxe1+
23.Qxe1 Qxf4 24.dxc6 Rxd1 25.Qxd1 Qc7 26.Nd4 Qe7 27.Qd2 Qe5 28.b4 Qg3 29.Nde2 Qf2
30.Qf4 Qe1+ 31.Kh2 h5 32.Qe5 Bxh3 33.Nd5 h4 34.Qxf6+ Kh6 35.Qh8+ Kg5 36.Qe5+ Kh6
37.Qe3+ g5 38.gxh3  1-0

[Event "2nd Grand Europe Open 2013"]
[Site "Golden Sands BUL"]
[Date "2013.06.14"]
[Round "5.58"]
[White "Panbukchian,V"]
[Black "Banov,B"]
[Result "1-0"]
[WhiteElo "2331"]
[BlackElo "2165"]

1.e4 g6 2.d4 Bg7 3.Nc3 c6 4.g3 Qb6 5.Nge2 d6 6.Bg2 Nf6 7.O-O O-O 8.b3 e5
9.d5 cxd5 10.Nxd5 Nxd5 11.Qxd5 Nc6 12.c3 Bg4 13.Re1 Nd4 14.Nxd4 exd4 15.Qg5 h5
16.cxd4 Bxd4 17.Be3 Rac8 18.h3 Bxe3 19.Rxe3 Qd4 20.Rae1 Be6 21.R3e2 Rc3 22.Rd2 Qc5
23.Qf4 Qe5 24.h4 Qxf4 25.gxf4 Rfc8 26.f5 Rc1 27.Rxc1 Rxc1+ 28.Kh2 gxf5 29.exf5 Bxf5
30.Bxb7 Kg7 31.Kg3 Be6 32.Bf3 Rc3 33.Kf4 d5 34.Bxd5 Bxd5 35.Rxd5 Rc2 36.Ra5 Rxf2+
37.Kg5 Rg2+ 38.Kxh5 f5 39.a4 f4 40.Rf5 Rb2 41.Rxf4 Rxb3  1-0

[Event "17th Voronezh Master Open"]
[Site "Voronezh RUS"]
[Date "2013.06.17"]
[Round "5.9"]
[White "Belyakov,B"]
[Black "Sethuraman,S"]
[Result "0-1"]
[WhiteElo "2407"]
[BlackElo "2560"]

1.e4 g6 2.d4 Bg7 3.Nc3 c6 4.Nf3 d6 5.h3 Nd7 6.Be3 Qc7 7.Qd2 b5 8.Bd3 Ngf6
9.Bh6 Bxh6 10.Qxh6 b4 11.Nd1 c5 12.Ne3 cxd4 13.Nxd4 Qb6 14.Nf3 Bb7 15.O-O Bxe4
16.Bxe4 Nxe4 17.a3 Ndf6 18.b3 bxa3 19.Rxa3 a5 20.Rfa1 d5 21.Ng5 Nxg5 22.Qxg5 O-O
23.Nxd5 Nxd5 24.Qxd5 Rfd8 25.Qe4 Ra7 26.Qe1 Rc7 27.Qxa5 Qxa5 28.Rxa5 Rxc2
29.Ra8 Rxa8 30.Rxa8+ Kg7 31.g3 g5 32.b4 Rb2 33.Rb8 Kf6 34.b5 h5 35.Kf1 Kf5
36.Rb7 Kf6 37.Rb8 Kf5 38.Rb7 Kf6 39.Rb8 e5 40.b6 g4 41.hxg4 hxg4 42.b7 Kf5
43.Ke1 Ke4 44.Rg8 Rxb7 45.Rxg4+ Kf3 46.Rg5 Rb1+ 47.Kd2 Rb2+ 48.Ke1 Re2+ 49.Kd1 Rxf2
50.Rxe5 Kxg3 51.Rg5+ Kf4 52.Ra5 f5 53.Ke1 Kg3 54.Ra8 f4 55.Rf8 Kg2 56.Rf7 Rf1+
57.Ke2 f3+ 58.Ke3 Re1+ 59.Kf4 f2 60.Rg7+ Kf1 61.Ra7 Rb1 62.Kf3 Rb3+ 63.Kf4 Kg2
64.Rg7+ Kh2  0-1

[Event "8th Teplice Open 2013"]
[Site "Teplice CZE"]
[Date "2013.06.18"]
[Round "4.15"]
[White "Burg,T"]
[Black "Cajbel,M"]
[Result "1-0"]
[WhiteElo "2481"]
[BlackElo "2191"]

1.e4 g6 2.d4 Bg7 3.Nc3 c6 4.f4 d5 5.e5 Qb6 6.Na4 Qc7 7.Be3 Nh6 8.Be2 f6 9.Nf3 Bg4
10.h3 Bxf3 11.Bxf3 Nf5 12.Bf2 Nd7 13.g4 Nh6 14.Qe2 O-O 15.O-O fxe5 16.fxe5 e6
17.b4 a5 18.Nc5 Nxc5 19.bxc5 b5 20.a4 b4 21.Be3 Kh8 22.Qd2 Ng8 23.Be2 Rxf1+
24.Rxf1 Rb8 25.Bd1 Rf8 26.Rxf8 Bxf8 27.Qf2 Kg7 28.Bd2 Be7 29.h4 Bd8 30.c3 bxc3
31.Bxc3 Qb7 32.Kg2 Qb1 33.Qc2 Qb7 34.Be1 Nh6 35.Kh3 Qf7 36.Qf2 Qb7 37.Bd2 Ng8
38.h5 Qe7 39.h6+ Kh8 40.g5 Qe8 41.Bg4 Qe7 42.Kg2 Qe8 43.Kf1 Qe7 44.Ke2 Qe8
45.Kd1 Qe7 46.Kc2 Qe8 47.Qf3 Qe7 48.Qf1 Qe8 49.Qf2 Qe7 50.Qf3 Qe8 51.Bh3 Qe7
52.Kc1 Qe8 53.Kd1 Qe7 54.Ke2 Qe8 55.Qg4 Qf7 56.Qxe6 Qxe6 57.Bxe6 Ne7 58.Kf3 Bc7
59.Kg4 Bd8 60.Bf4 Bc7 61.Bf7 Nf5 62.e6 Bxf4 63.Kxf4 Ne7 64.Ke5 Nf5 65.e7 Nxe7
66.Be6  1-0

[Event "8th Teplice Open 2013"]
[Site "Teplice CZE"]
[Date "2013.06.20"]
[Round "6.16"]
[White "Jurcik,Mart"]
[Black "Brem,S"]
[Result "1-0"]
[WhiteElo "2350"]
[BlackElo "2065"]

1.e4 g6 2.d4 Bg7 3.Nc3 c6 4.Be3 d5 5.Qd2 dxe4 6.Nxe4 Nd7 7.Bc4 Nb6 8.Bb3 Nd5
9.Nf3 Nxe3 10.Qxe3 Bf5 11.Ng3 Nf6 12.Ne5 Nd5 13.Qf3 e6 14.Nxf5 gxf5 15.O-O-O Bxe5
16.dxe5 Qg5+ 17.Kb1 Rg8 18.c4 Nb6 19.g3 Nd7 20.Qc3 f4 21.Qd2 O-O-O 22.gxf4 Qh4
23.Qe3 Kc7 24.Rd6 Nb6 25.c5 Nc8 26.Rxd8 Rxd8 27.f5 Qg4 28.fxe6 fxe6 29.h3 Qg2
30.Re1 Ne7 31.Qg3 Rg8 32.Qxg2 Rxg2 33.Bxe6 Rxf2 34.Bg4 Rd2 35.Rf1 Rd5 36.e6 h5
37.Be2 Rxc5 38.Rf7 Kd6 39.Rh7 Re5 40.Bxh5 Kxe6 41.Bg4+ Kf6 42.Kc2 a5 43.Rh6+ Ng6
44.Rh5 Rxh5 45.Bxh5 Ne5 46.Kc3 c5 47.a4 Kg5 48.Bg4 b6 49.Bc8 Kh4 50.b3 Kg5
51.Be6 Kf6 52.Bd5 Kg5 53.Kd2 Kf4 54.h4 Kg4 55.Ke3 Kxh4 56.Ke4 Ng4 57.Be6 Nf2+
58.Kd5 Kg5 59.Kc6 Kf6 60.Bc4 Ke5 61.Kxb6 Kd6 62.Kxa5 Kc6 63.Be2 Nh3 64.Bf3+ Kc7
65.Kb5 Ng5 66.Bg2 Ne6 67.Bd5  1-0

[Event "7th Varna Open 2013"]
[Site "Varna BUL"]
[Date "2013.06.20"]
[Round "2.27"]
[White "Petrov,Martin"]
[Black "Genov,Ivaylo"]
[Result "1-0"]
[WhiteElo "1990"]
[BlackElo "1556"]

1.e4 c6 2.d4 g6 3.Nc3 Bg7 4.Be3 d6 5.Qd2 Nf6 6.Bh6 O-O 7.Bxg7 Kxg7 8.O-O-O b5
9.f3 a5 10.g4 Na6 11.h4 h5 12.gxh5 Nxh5 13.Bh3 Qc7 14.Bg4 Rh8 15.Bxh5 Rxh5
16.Nge2 e5 17.Ng3 Rh8 18.h5 Bb7 19.Qg5 Qd8 20.Nf5+ Kg8 21.Qg3 Qf6 22.hxg6 fxg6
23.Rxh8+ Kxh8 24.dxe5 dxe5 25.Rd6  1-0

[Event "TCh-SUI 2013"]
[Site "Switzerland SUI"]
[Date "2013.06.22"]
[Round "4.7"]
[White "Regez,M"]
[Black "Schmidt Schaeffer,S"]
[Result "1-0"]
[WhiteElo "2180"]
[BlackElo "2368"]

1.e4 g6 2.d4 Bg7 3.Nc3 c6 4.Nf3 d6 5.h3 Nd7 6.Be3 b5 7.Bd3 Bb7 8.Qd2 e5 9.a4 a6
10.O-O Ngf6 11.dxe5 dxe5 12.Ne2 O-O 13.b4 Qc7 14.Ng3 Rfd8 15.Qe2 Nf8 16.c4 Ne6
17.Qc2 Qd6 18.Rfd1 Qb8 19.Ne2 c5 20.bxc5 b4 21.a5 Nd7 22.Rab1 Bc6 23.Nc3 Ndxc5
24.Nd5 Ba4 25.Qd2 Bxd1 26.Rxb4 Qa7 27.Qxd1 Rab8 28.Rb6 Rxb6 29.axb6 Qb7 30.Bc2 Kh8
31.Qc1 Rc8 32.Qa3 Nd4 33.Nxd4 exd4 34.Bf4 Ne6 35.Bc7 Nxc7 36.Qe7 Qc6 37.bxc7 Qe6
38.Qd8+ Bf8 39.Nb6 Qxb6 40.Qxc8 Qb4 41.Qd8 Qb3  1-0

[Event "III Marcel Duchamp Boca Jun Op"]
[Site "Buenos Aires ARG"]
[Date "2013.06.25"]
[Round "5.4"]
[White "Dolezal,C"]
[Black "Madina Yadarola,M1"]
[Result "1-0"]
[WhiteElo "2410"]
[BlackElo "2256"]

1.d4 g6 2.e4 Bg7 3.Nc3 c6 4.Nf3 d5 5.exd5 cxd5 6.Ne5 a6 7.Ne2 Nf6 8.Nf4 Nfd7
9.Ng4 Nf6 10.Ne3 Nc6 11.c3 e6 12.Be2 Ne4 13.O-O O-O 14.Nd3 b6 15.Ng4 a5 16.Bh6 Bxh6
17.Nxh6+ Kg7 18.Ng4 Ba6 19.Re1 Bxd3 20.Bxd3 Nf6 21.Ne3 Ne7 22.a4 Nc8 23.Nf1 Nd6
24.Nd2 Rc8 25.Qf3 Nc4 26.Bxc4 dxc4 27.Re5 Nd5 28.g3 Qd7 29.h4 h5 30.Nf1 Rfd8
31.Ne3 Nxe3 32.fxe3 Qc6 33.e4 f5 34.Re1 Rf8 35.Qe3 Rf6 36.exf5 exf5 37.Re7+ Rf7
38.Rxf7+  1-0

[Event "FISCA Open D 2013"]
[Site "Cap Aurora ROU"]
[Date "2013.06.25"]
[Round "5.3"]
[White "Carmaciu,L"]
[Black "Sanduleac,V"]
[Result "1/2-1/2"]
[WhiteElo "2416"]
[BlackElo "2414"]

1.e4 g6 2.d4 Bg7 3.Nc3 c6 4.f4 Qb6 5.Nf3 d5 6.e5 Bg4 7.Be2 Nh6 8.Nh4 Bxe2
9.Nxe2 e6 10.O-O Nd7 11.h3 Nf5  1/2-1/2

[Event "8th Vladimir Dvorkovich Cup"]
[Site "Moscow RUS"]
[Date "2013.06.26"]
[Round "2.5"]
[White "Gajek,R"]
[Black "Nuri,M"]
[Result "1-0"]
[WhiteElo "2296"]
[BlackElo "2179"]

1.e4 g6 2.d4 Bg7 3.Nc3 c6 4.Nf3 d6 5.h3 Nd7 6.a4 e5 7.dxe5 dxe5 8.Be3 Ngf6
9.Nd2 O-O 10.Nc4 Qc7 11.Qd6 Ne8 12.Qxc7 Nxc7 13.O-O-O b6 14.Be2 Ne6 15.Bg4 f5
16.exf5 gxf5 17.Nd6 Nd4 18.Bxf5 Rxf5 19.Bxd4 exd4 20.Nxf5 dxc3 21.Rhe1 cxb2+
22.Kb1 Bf8 23.Ne7+ Kg7 24.Nxc8 Nc5 25.Re8 Kf7 26.Nd6+ Bxd6 27.Rxa8  1-0